000
00326nam a2200133Ia 4500
008
191201s2005 xx 000 0 und d
082
_a
620.82
_b
SHW
100
_a
SHAH, H S
245
0
_a
Work Study and Ergonomics
260
_a
N.Delhi
_b
Dhanpat Rai Pub (P) Ltd
_c
2005
300
_a
316
650
_a
B.Tech(ME)
942
_2
ddc
_c
BK
999
_c
887
_d
887